Normal view MARC view

Entry Corporate Name

Number of records used in: 2

001 - CONTROL NUMBER

  • control field: 62041

003 - CONTROL NUMBER IDENTIFIER

  • control field: dpl

005 - DATE AND TIME OF LATEST TRANSACTION

  • control field: 20240214103131.0

008 - FIXED-LENGTH DATA ELEMENTS

  • fixed length control field: 240214|| aca||aabn | a|a d

040 ## - CATALOGING SOURCE

  • Original cataloging agency: dpl
  • Transcribing agency: dpl

110 ## - HEADING--CORPORATE NAME

  • Corporate name or jurisdiction name as entry element: संतोष कुमार चतुर्वेदी

670 ## - SOURCE DATA FOUND

  • Source citation: Work cat.: (dpl)200713: मुक्तिबोध; विमर्श और पुन: पाठ/, 2022

© Delhi Public Library
Hit Counter
free hit counter